Capoluoghi delle Regioni della Francia - Statistics

Statistiche generali
  • Questo quiz è stato fatto 123 volte
    64 dall'ultimo reset
  • Il punteggio medio è 10 su 13
Statistiche sulle risposte
Regione Capoluogo % Corretto
Île-de-France Parigi
98%
Corsica Ajaccio
90%
Nuova Aquitania Bordeaux
90%
Provenza-Alpi-Costa Azzurra Marsiglia
90%
Alvernia-Rodano-Alpi Lione
86%
Grande Est Strasburgo
78%
Alta Francia Lilla
76%
Occitania Tolosa
76%
Bretagna Rennes
73%
Paesi della Loira Nantes
71%
Normandia Rouen
53%
Borgogna-Franca Contea Digione
49%
Centro-Valle della Loira Orléans
45%
Nessun quiz corrispondente trovato
Distribuzione punteggi
Percentuale di utenti per punteggio
Percentile per numero di risposta
I tuoi punteggi nel tempo
Non hai fatto questo quiz dall'ultimo reset